| 000 | 00823 a2200205 4500 | ||
|---|---|---|---|
| 003 | Nust | ||
| 005 | 20170207154013.0 | ||
| 010 | _a 2001089831 | ||
| 020 | _a0782129390 | ||
| 040 | _cNust | ||
| 082 | _a005.44 | ||
| 100 | 1 | _aSmith, Roderick. | |
| 245 | 1 | 0 |
_aLinux study guide (E-BOOK) _cRoderick Smith. |
| 250 | _a1st. | ||
| 260 |
_aSan Francisco, CA : _bSybex Inc., _c2001. |
||
| 300 |
_ap. ; _ccm. |
||
| 505 | _aChapter 1.Planning the Implementation, Chapter 2. Installing Linux Chapter 3. Software Management Chapter 4. Users and Security Chapter 5. Networking Chapter 6. Managing Files and Services Chapter 7. Managing Partitions and Processes Chapter 8. Hardware Issues Chapter 9. Troubleshooting | ||
| 651 | _aE-BOOK | ||
| 856 | 4 | 2 |
_3Publisher description _uhttp://www.loc.gov/catdir/enhancements/fy0611/2001089831-d.html |
| 942 |
_2ddc _cBK |
||
| 999 |
_c191313 _d191313 |
||